[Event "Barcelona IM2 06"]
[Site "Barcelona"]
[Date "2025.06.30"]
[Round "8"]
[White "Cruz, Jonathan"]
[Black "Garcia Ramos, Daniel"]
[Result "1/2-1/2"]
[WhiteElo "2338"]
[BlackElo "2438"]
[PlyCount "28"]
[EventDate "2025.06.25"]
[EventType "tourn"]
[EventRounds "9"]
[EventCountry "ESP"]
[EventCategory "1"]
[SourceTitle "CB28_2025"]
[SourceDate "2025.07.09"]
[SourceVersion "1"]
[SourceVersionDate "2025.07.09"]
[SourceQuality "1"]

1. Nf3 Nf6 2. c4 e6 3. Nc3 d5 4. e3 Bd6 5. d4 0-0 6. Bd3 dxc4 7. Bxc4 Nc6 8. Bb5 Qe7 9. 0-0 e5 10. Bxc6 bxc6 11. dxe5 Bxe5 12. Nxe5 Qxe5 13. Qd4 Qxd4 14. exd4 Bf5 1/2-1/2

[Event "Barcelona IM2 06"]
[Site "Barcelona"]
[Date "2025.06.29"]
[Round "7"]
[White "Valenzuela Gomez, Fernando Alberto"]
[Black "Cruz, Jonathan"]
[Result "0-1"]
[WhiteElo "2312"]
[BlackElo "2338"]
[PlyCount "92"]
[EventDate "2025.06.25"]
[EventType "tourn"]
[EventRounds "9"]
[EventCountry "ESP"]
[EventCategory "1"]
[SourceTitle "CB28_2025"]
[SourceDate "2025.07.09"]
[SourceVersion "1"]
[SourceVersionDate "2025.07.09"]
[SourceQuality "1"]

1. d4 Nf6 2. c4 g6 3. Nc3 d5 4. cxd5 Nxd5 5. e4 Nxc3 6. bxc3 Bg7 7. Bc4 b6 8. h4 Bb7 9. Nf3 h6 10. Qd3 Nc6 11. a4 Na5 12. Ba2 Qc8 13. Bf4 Ba6 14. Qe3 Nc4 15. Bxc4 Bxc4 16. Ne5 Bxe5 17. Bxe5 f6 18. Bg3 Qg4 19. Rh3 0-0-0 20. a5 e5 21. axb6 axb6 22. f3 Qd7 23. Kf2 Kb7 24. dxe5 Qb5 25. Kg1 fxe5 26. Rh1 Rdg8 27. Kh2 g5 28. Rhb1 Qc6 29. Bxe5 Rh7 30. h5 Re7 31. Qd4 Rd7 32. Qe3 g4 33. Rd1 Rxd1 34. Rxd1 Qe8 35. Bxc7 Qxh5+ 36. Kg1 Kxc7 37. Qf4+ Kb7 38. Rd7+ Ka6 39. e5 Bb5 40. Rd1 Qg6 41. fxg4 Qxg4 42. Ra1+ Kb7 43. Qf7+ Bd7 44. Qd5+ Bc6 45. Qf7+ Kc8 46. Ra2 Bxg2 0-1

[Event "Barcelona IM2 06"]
[Site "Barcelona"]
[Date "2025.06.28"]
[Round "6"]
[White "Cruz, Jonathan"]
[Black "Silva Cerda, Mark Valentin"]
[Result "1-0"]
[WhiteElo "2338"]
[BlackElo "2195"]
[PlyCount "135"]
[EventDate "2025.06.25"]
[EventType "tourn"]
[EventRounds "9"]
[EventCountry "ESP"]
[EventCategory "1"]
[SourceTitle "CB28_2025"]
[SourceDate "2025.07.09"]
[SourceVersion "1"]
[SourceVersionDate "2025.07.09"]
[SourceQuality "1"]

1. Nf3 c5 2. c4 Nc6 3. g3 g6 4. Bg2 Bg7 5. 0-0 d6 6. Nc3 Nf6 7. Rb1 Bf5 8. d3 Qd7 9. Re1 Bh3 10. Bh1 0-0 11. a3 a5 12. Bg5 h6 13. Bxf6 Bxf6 14. Nd5 Rad8 15. Nxf6+ exf6 16. Nd2 Be6 17. Ne4 Kg7 18. Qd2 Rb8 19. Qf4 f5 20. Nc3 Rfe8 21. Nb5 Red8 22. Rbc1 g5 23. Qd2 Qe7 24. d4 cxd4 25. Nxd4 Qf6 26. Bxc6 bxc6 27. b4 Bd7 28. c5 axb4 29. axb4 f4 30. cxd6 Qxd6 31. Rxc6 Qxb4 32. Qxb4 Rxb4 33. Rd6 fxg3 34. fxg3 h5 35. Rd1 Rb7 36. Nf5+ Bxf5 37. Rxd8 Re7 38. R1d2 Re4 39. R8d4 Re7 40. Kf2 Re8 41. Rd5 Kg6 42. Rd8 Re4 43. R2d4 Re5 44. R4d5 Re4 45. Ra5 Bg4 46. Rd6+ Be6 47. Kf3 Rb4 48. Rc6 Rb3+ 49. Kf2 Rb2 50. Rcc5 f6 51. Ra7 Bh3 52. Rac7 Rb1 53. Rc1 Rb2 54. R7c2 Rb4 55. Rc4 Rb2 56. R1c2 Rb1 57. e4 Rb3 58. R4c3 Rb1 59. Ke3 Re1+ 60. Re2 Rd1 61. Rc6 Bg4 62. Rf2 Re1+ 63. Kd3 Rd1+ 64. Kc2 Kg7 65. Rfxf6 Re1 66. Kd3 Re2 67. h3 Bxh3 68. Kxe2 1-0

[Event "Barcelona Navidad IM2"]
[Site "Barcelona"]
[Date "2024.12.28"]
[Round "5"]
[White "Fuentes Guinot, Alejandro"]
[Black "Cruz, Jonathan"]
[Result "0-1"]
[WhiteElo "2262"]
[BlackElo "2342"]
[PlyCount "56"]
[EventDate "2024.12.26"]
[EventType "tourn"]
[EventRounds "9"]
[EventCountry "ESP"]
[SourceTitle "CB01_2025"]
[SourceDate "2025.01.01"]
[SourceVersion "1"]
[SourceVersionDate "2025.01.01"]
[SourceQuality "1"]

1. d4 Nf6 2. c4 g6 3. Nc3 d5 4. Nf3 Bg7 5. e3 0-0 6. Be2 c5 7. 0-0 cxd4 8. exd4 Nc6 9. h3 Be6 10. Ne5 dxc4 11. Nxc6 bxc6 12. Na4 Nd7 13. Be3 Nb6 14. Rc1 Bd5 15. Qc2 Qb8 16. Nxb6 Qxb6 17. Rfd1 Rfb8 18. Rb1 Qa6 19. a3 Qb5 20. Rd2 e5 21. Qc3 Qb3 22. Qxb3 Rxb3 23. dxe5 c3 24. Rd4 Bxe5 25. Bd1 Rxb2 26. Rc1 Bxd4 27. Bxd4 Ra2 28. Rxc3 Rd2 0-1

[Event "Barcelona Navidad IM2"]
[Site "Barcelona"]
[Date "2024.12.27"]
[Round "2"]
[White "Cruz, Jonathan"]
[Black "Gonzalez Rodriguez, Raul Omar"]
[Result "1-0"]
[WhiteElo "2342"]
[BlackElo "2131"]
[PlyCount "95"]
[EventDate "2024.12.26"]
[EventType "tourn"]
[EventRounds "9"]
[EventCountry "ESP"]
[SourceTitle "CB01_2025"]
[SourceDate "2025.01.01"]
[SourceVersion "1"]
[SourceVersionDate "2025.01.01"]
[SourceQuality "1"]

1. Nf3 d6 2. g3 e5 3. Bg2 Nf6 4. 0-0 Be7 5. c4 0-0 6. Nc3 c5 7. e3 Be6 8. b3 Nc6 9. Ng5 Bg4 10. Qc2 h6 11. Nf3 Qd7 12. Bb2 Bf5 13. Qd1 Bd3 14. Ne2 b5 15. cxb5 Bxb5 16. d3 Rab8 17. Nc3 Ba6 18. Re1 Nb4 19. Bf1 Bd8 20. Be2 Ba5 21. Rf1 Qh3 22. Nh4 g5 23. Ne4 Qe6 24. Nxf6+ Qxf6 25. Ng2 Qg6 26. e4 Bc8 27. Bh5 Qe6 28. Ne3 Bb6 29. Bg4 Qe8 30. Bxc8 Qxc8 31. Kh1 f5 32. a3 Nc6 33. Qh5 Kh7 34. Nxf5 Rxf5 35. exf5 Qxf5 36. f4 Qxd3 37. Qf7+ Kh8 38. Qf6+ Kh7 39. fxg5 Qe4+ 40. Rf3 hxg5 41. Qf7+ Kh6 42. h4 Nd4 43. Bxd4 cxd4 44. Kh2 Bd8 45. Raf1 gxh4 46. Rf6+ Bxf6 47. Rxf6+ Kg5 48. Qg7+ 1-0

[Event "Mutxamel 6th"]
[Site "Mutxamel"]
[Date "2024.08.21"]
[Round "4"]
[White "Cruz Estrada, Filemon"]
[Black "Cruz, Jonathan"]
[Result "1/2-1/2"]
[WhiteElo "2249"]
[BlackElo "2326"]
[PlyCount "63"]
[EventDate "2024.08.19"]
[EventType "tourn"]
[EventRounds "9"]
[EventCountry "ESP"]
[EventCategory "2"]
[SourceTitle "CBM 221 Extra"]
[Source "ChessBase"]
[SourceDate "2024.09.30"]
[SourceVersion "1"]
[SourceVersionDate "2024.09.30"]
[SourceQuality "1"]

1. d4 d5 2. Nf3 Nf6 3. Bf4 c5 4. c3 e6 5. e3 Nc6 6. Nbd2 Bd6 7. Bg3 Bxg3 8. hxg3 Qd6 9. Be2 0-0 10. Qc2 e5 11. dxc5 Qxc5 12. e4 d4 13. Nb3 Qe7 14. 0-0 Bg4 15. Nh4 g6 16. Bxg4 Nxg4 17. Nf3 dxc3 18. Qxc3 Rac8 19. Rfc1 Rfd8 20. Qe1 Rd6 21. Na5 b6 22. Nxc6 Rdxc6 23. Rxc6 Rxc6 24. Rc1 Rc5 25. Nh2 Nxh2 26. Kxh2 Rxc1 27. Qxc1 Qd6 28. Qc2 Qd4 29. b3 h5 30. Kg1 Kg7 31. Kh2 a5 32. a4 1/2-1/2

[Event "Alicante IM 3rd"]
[Site "Alicante"]
[Date "2024.07.05"]
[Round "9"]
[White "Uber Gracia, Hugo"]
[Black "Cruz, Jonathan"]
[Result "1/2-1/2"]
[WhiteElo "2188"]
[BlackElo "2328"]
[PlyCount "39"]
[EventDate "2024.07.01"]
[EventType "tourn"]
[EventRounds "9"]
[EventCountry "ESP"]
[EventCategory "1"]
[SourceTitle "CBM 221 Extra"]
[Source "ChessBase"]
[SourceDate "2024.09.30"]
[SourceVersion "1"]
[SourceVersionDate "2024.09.30"]
[SourceQuality "1"]

1. c4 Nf6 2. Nf3 c6 3. Nc3 d5 4. e3 g6 5. d4 Bg7 6. Be2 0-0 7. 0-0 b6 8. a4 a5 9. cxd5 Nxd5 10. e4 Nb4 11. Be3 Ra7 12. Qc1 Bg4 13. Rd1 Rd7 14. Nd2 Be6 15. Nf3 Bg4 16. Nd2 Be6 17. Nf3 Bg4 18. Nd2 Bxe2 19. Nxe2 e5 20. Nc4 1/2-1/2

[Event "Alicante IM 3rd"]
[Site "Alicante"]
[Date "2024.07.04"]
[Round "7"]
[White "Exposito Milan, Adrian"]
[Black "Cruz, Jonathan"]
[Result "1/2-1/2"]
[WhiteElo "2276"]
[BlackElo "2328"]
[PlyCount "62"]
[EventDate "2024.07.01"]
[EventType "tourn"]
[EventRounds "9"]
[EventCountry "ESP"]
[EventCategory "1"]
[SourceTitle "CBM 221 Extra"]
[Source "ChessBase"]
[SourceDate "2024.09.30"]
[SourceVersion "1"]
[SourceVersionDate "2024.09.30"]
[SourceQuality "1"]

1. d4 Nf6 2. c4 g6 3. Nf3 Bg7 4. g3 0-0 5. Bg2 c6 6. 0-0 d6 7. Nc3 Qa5 8. e4 Qh5 9. Ng5 Qxd1 10. Rxd1 e5 11. d5 c5 12. h3 h6 13. Nf3 Nbd7 14. Be3 Ne8 15. g4 Nc7 16. a3 b6 17. b4 Ba6 18. b5 Bb7 19. Nh2 Rfb8 20. Nf1 Kh7 21. Ng3 Bf6 22. a4 Bg5 23. Nce2 Kg7 24. Nf1 Bc8 25. Bxg5 hxg5 26. Ne3 Kf6 27. Rd2 Ke7 28. Rda2 a6 29. Bf1 a5 30. Ng3 Nf6 31. f3 Bd7 1/2-1/2

[Event "Alicante IM 3rd"]
[Site "Alicante"]
[Date "2024.07.03"]
[Round "5"]
[White "Valle Luis, Leo"]
[Black "Cruz, Jonathan"]
[Result "0-1"]
[WhiteElo "2245"]
[BlackElo "2328"]
[PlyCount "94"]
[EventDate "2024.07.01"]
[EventType "tourn"]
[EventRounds "9"]
[EventCountry "ESP"]
[EventCategory "1"]
[SourceTitle "CBM 221 Extra"]
[Source "ChessBase"]
[SourceDate "2024.09.30"]
[SourceVersion "1"]
[SourceVersionDate "2024.09.30"]
[SourceQuality "1"]

1. e4 e5 2. Nf3 Nc6 3. Bb5 a6 4. Ba4 Nf6 5. 0-0 Be7 6. d3 b5 7. Bb3 d6 8. Bd2 0-0 9. h3 Rb8 10. a4 b4 11. a5 Be6 12. Bxe6 fxe6 13. c3 Qd7 14. Qe2 Rb5 15. cxb4 Nxb4 16. Na3 Rb7 17. Nc4 h6 18. Rac1 Na2 19. Ra1 Nb4 20. Rac1 Na2 21. Rcd1 c5 22. Ne1 Nb4 23. f4 exf4 24. Bxf4 Nc6 25. Nf3 Nh5 26. Bh2 Nf4 27. Qe3 e5 28. Qd2 Qe6 29. Kh1 Bd8 30. Ng1 Rbf7 31. Bxf4 exf4 32. Nf3 g5 33. Qc2 Bf6 34. Nb6 g4 35. hxg4 Qxg4 36. Nh2 Qh5 37. Rf3 Nd4 38. Qc4 Nxf3 39. gxf3 Kh8 40. Qd5 Qxd5 41. exd5 Bd4 42. Rd2 Re8 43. Ng4 Re1+ 44. Kh2 Rf5 45. Nf2 Bxf2 46. Rxf2 Rh5+ 47. Kg2 Reh1 0-1

[Event "Alicante IM 3rd"]
[Site "Alicante"]
[Date "2024.07.01"]
[Round "1"]
[White "Marin Ferragut, Pau"]
[Black "Cruz, Jonathan"]
[Result "1-0"]
[WhiteElo "2211"]
[BlackElo "2328"]
[PlyCount "87"]
[EventDate "2024.07.01"]
[EventType "tourn"]
[EventRounds "9"]
[EventCountry "ESP"]
[EventCategory "1"]
[SourceTitle "CBM 221 Extra"]
[Source "ChessBase"]
[SourceDate "2024.09.30"]
[SourceVersion "1"]
[SourceVersionDate "2024.09.30"]
[SourceQuality "1"]

1. e4 e5 2. Nf3 Nc6 3. Bc4 Nf6 4. d3 Be7 5. 0-0 d6 6. a4 0-0 7. Re1 Be6 8. Nbd2 Qd7 9. c3 Rad8 10. a5 a6 11. Qb3 Rb8 12. Nf1 h6 13. Ne3 Bd8 14. d4 Bxc4 15. Nxc4 exd4 16. cxd4 d5 17. Nce5 Nxe5 18. Nxe5 Qe6 19. exd5 Nxd5 20. Qg3 Be7 21. Nd3 Qf6 22. Ne5 Rbd8 23. Re4 Kh8 24. Bd2 Qf5 25. Rae1 c5 26. Nc4 Rd7 27. Re5 Qc2 28. Rc1 Qg6 29. Qf3 Rfd8 30. Ree1 f6 31. dxc5 Bxc5 32. h4 h5 33. Ne3 Nxe3 34. Bxe3 Bb4 35. Rf1 Rd5 36. Rc7 R8d7 37. Rxb7 Rxb7 38. Qxd5 Qf7 39. Rd1 Kg8 40. Qd8+ Bf8 41. Qa8 Rxb2 42. Bc5 Re2 43. Rd8 Qc7 44. Qd5+ 1-0

[Event "Titled Tuesday intern op 16th Jan Late"]
[Site "Chess.com INT"]
[Date "2024.01.16"]
[Round "1"]
[White "Cruz, Jonathan"]
[Black "Korol, Dimitry"]
[Result "1/2-1/2"]
[WhiteElo "2323"]
[BlackElo "2287"]
[PlyCount "123"]
[EventDate "2024.01.16"]
[EventType "swiss (blitz)"]
[EventRounds "11"]
[EventCountry "USA"]
[SourceTitle "CBM 218 Extra"]
[Source "ChessBase"]
[SourceDate "2024.03.31"]
[SourceVersion "1"]
[SourceVersionDate "2024.03.31"]
[SourceQuality "1"]

1. Nf3 c5 2. c4 g6 3. g3 Bg7 4. Bg2 Nc6 5. 0-0 Nh6 6. Nc3 Nf5 7. d3 h5 8. h4 a6 9. e4 Nfd4 10. Bg5 0-0 11. Rb1 Rb8 12. Nd5 Nxf3+ 13. Bxf3 b5 14. b3 Re8 15. Qd2 d6 16. Bg2 Nd4 17. Kh1 Bb7 18. Rbe1 Qd7 19. Bh6 e6 20. Bxg7 Kxg7 21. Nf4 b4 22. Ne2 Nxe2 23. Rxe2 f5 24. exf5 Bxg2+ 25. Kxg2 exf5 26. Rfe1 Rxe2 27. Qxe2 Kf7 28. Qf3 Re8 29. Qd5+ Re6 30. Re3 a5 31. Kf3 Kf6 32. Qa8 Rxe3+ 33. fxe3 Qe7 34. Qxa5 Qb7+ 35. Kf2 Qh1 36. Qd8+ Ke6 37. Qe8+ Kf6 38. Qf8+ Ke6 39. Qg8+ Kf6 40. Qd5 Qb1 41. Qxd6+ Kg7 42. Qe7+ Kh6 43. Qxc5 Qxa2+ 44. Kf3 Qxb3 45. Qf8+ Kh7 46. Qf7+ Kh6 47. Qg8 Qd1+ 48. Kf4 Qf1+ 49. Ke5 Qa1+ 50. d4 Qa5+ 51. d5 Qc7+ 52. Kd4 Qb6+ 53. c5 Qf6+ 54. Kc4 Qc3+ 55. Kb5 b3 56. Qf8+ Kh7 57. Qf7+ Kh6 58. Qf8+ Kh7 59. Qe7+ Kh6 60. Qg5+ Kh7 61. Qe7+ Kh6 62. Qf8+ 1/2-1/2

[Event "Titled Tuesday intern op 26th Dec Late"]
[Site "Chess.com INT"]
[Date "2023.12.26"]
[Round "5"]
[White "Cruz, Jonathan"]
[Black "Bogaudinov, Rushan"]
[Result "1-0"]
[WhiteElo "2323"]
[BlackElo "1853"]
[PlyCount "117"]
[EventDate "2023.12.26"]
[EventType "swiss (blitz)"]
[EventRounds "11"]
[EventCountry "USA"]
[SourceTitle "EXT 2025"]
[Source "ChessBase"]
[SourceDate "2024.10.14"]
[SourceVersion "1"]
[SourceVersionDate "2024.10.14"]
[SourceQuality "1"]

1. Nf3 d5 2. d4 Nf6 3. c4 c6 4. Nc3 g6 5. Bf4 Bg7 6. e3 0-0 7. Qb3 dxc4 8. Bxc4 Nbd7 9. Ne5 Nxe5 10. Bxe5 Nd7 11. Bxg7 Kxg7 12. 0-0 Nb6 13. Be2 Be6 14. Qc2 Bc4 15. Bxc4 Nxc4 16. Ne4 Nd6 17. Nc5 b6 18. Nd3 Rc8 19. Rfc1 h5 20. b4 h4 21. h3 Nf5 22. Qa4 Nd6 23. Rxc6 b5 24. Qa6 Rxc6 25. Qxc6 Qb8 26. Nc5 Rc8 27. Qd5 Nc4 28. Qe4 e5 29. Qxh4 Rh8 30. Qe7 Re8 31. Qh4 Qd6 32. Qg3 Qf6 33. Rd1 Qe7 34. d5 a5 35. Ne4 axb4 36. d6 Qe6 37. Nc5 Qf5 38. d7 Rd8 39. Qg4 Qxg4 40. hxg4 Nb6 41. Rd6 Nc4 42. Nb7 Nxd6 43. Nxd8 Kf8 44. Ne6+ Ke7 45. d8Q+ Kxe6 46. Qb6 Kd5 47. Qc7 b3 48. axb3 Ne4 49. Qxf7+ Kc5 50. Qxg6 Nc3 51. Qc2 Kb4 52. g5 e4 53. g6 Nd5 54. g7 Ne7 55. Qxe4+ Kc5 56. Qxe7+ Kb6 57. g8Q Ka5 58. Qa8+ Kb6 59. Qea7# 1-0

[Event "Titled Tuesday intern op 26th Dec Late"]
[Site "Chess.com INT"]
[Date "2023.12.26"]
[Round "10"]
[White "Piddubna, Bozhena"]
[Black "Cruz, Jonathan"]
[Result "0-1"]
[WhiteElo "2035"]
[BlackElo "2323"]
[PlyCount "72"]
[EventDate "2023.12.26"]
[EventType "swiss (blitz)"]
[EventRounds "11"]
[EventCountry "USA"]
[SourceTitle "EXT 2025"]
[Source "ChessBase"]
[SourceDate "2024.10.14"]
[SourceVersion "1"]
[SourceVersionDate "2024.10.14"]
[SourceQuality "1"]

1. c4 c6 2. g3 e5 3. Bg2 f5 4. d4 e4 5. Nh3 Nf6 6. Nc3 Be7 7. d5 d6 8. f3 Qb6 9. Nf2 exf3 10. exf3 0-0 11. 0-0 Na6 12. Kh1 Bd7 13. Nd3 cxd5 14. cxd5 Nc5 15. Be3 Qa6 16. Nxc5 dxc5 17. Rc1 Bd6 18. a3 Rae8 19. Bg5 h6 20. Bd2 f4 21. Ne4 Nxe4 22. fxe4 fxg3 23. hxg3 Bxg3 24. Rxc5 Qg6 25. d6 Bxd6 26. Rd5 Qg3 27. Rh5 Bg4 28. Be1 Rxf1+ 29. Bxf1 Bf3+ 30. Qxf3 Qxf3+ 31. Bg2 Qxh5+ 32. Kg1 Bc5+ 33. Kf1 Rf8+ 34. Bf2 Rxf2+ 35. Ke1 Rxg2 36. b4 Qe2# 0-1

[Event "Barcelona Rubinenca op 2nd"]
[Site "Barcelona"]
[Date "2023.11.10"]
[Round "7"]
[White "Campos Cayuelas, Adria"]
[Black "Cruz, Jonathan"]
[Result "1/2-1/2"]
[WhiteElo "2153"]
[BlackElo "2324"]
[PlyCount "23"]
[EventDate "2023.09.22"]
[EventType "swiss"]
[EventRounds "9"]
[EventCountry "ESP"]
[SourceTitle "EXT 2025"]
[Source "ChessBase"]
[SourceDate "2024.10.14"]
[SourceVersion "1"]
[SourceVersionDate "2024.10.14"]
[SourceQuality "1"]

1. e4 e5 2. Nf3 Nc6 3. Bb5 a6 4. Ba4 Nf6 5. d3 d6 6. c3 Be7 7. 0-0 0-0 8. Nbd2 b5 9. Bb3 Na5 10. Bc2 c5 11. Re1 Re8 12. Nf1 1/2-1/2

[Event "Barcelona Rubinenca op 2nd"]
[Site "Barcelona"]
[Date "2023.11.03"]
[Round "6"]
[White "Cruz, Jonathan"]
[Black "Cruz Estrada, Filemon"]
[Result "1/2-1/2"]
[WhiteElo "2324"]
[BlackElo "2243"]
[PlyCount "29"]
[EventDate "2023.09.22"]
[EventType "swiss"]
[EventRounds "9"]
[EventCountry "ESP"]
[SourceTitle "EXT 2025"]
[Source "ChessBase"]
[SourceDate "2024.10.14"]
[SourceVersion "1"]
[SourceVersionDate "2024.10.14"]
[SourceQuality "1"]

1. Nf3 Nf6 2. d4 e6 3. e3 b6 4. Bd3 Bb7 5. Nbd2 c5 6. c3 cxd4 7. exd4 a6 8. 0-0 Be7 9. Re1 0-0 10. a4 d6 11. Nc4 Nbd7 12. Bf4 Qc7 13. h3 Rfe8 14. Bg3 Bf8 15. Rc1 1/2-1/2

[Event "Barcelona Rubinenca op 2nd"]
[Site "Barcelona"]
[Date "2023.10.27"]
[Round "5"]
[White "Serrano Sanchez, Hilario"]
[Black "Cruz, Jonathan"]
[Result "0-1"]
[WhiteElo "1860"]
[BlackElo "2324"]
[PlyCount "64"]
[EventDate "2023.09.22"]
[EventType "swiss"]
[EventRounds "9"]
[EventCountry "ESP"]
[SourceTitle "EXT 2025"]
[Source "ChessBase"]
[SourceDate "2024.10.14"]
[SourceVersion "1"]
[SourceVersionDate "2024.10.14"]
[SourceQuality "1"]

1. e4 e5 2. Nf3 Nc6 3. Bc4 Nf6 4. d3 Be7 5. Bb3 d6 6. c3 0-0 7. Nbd2 Kh8 8. Ng5 Qe8 9. Nf1 Bg4 10. f3 Bd7 11. Ng3 h6 12. h4 Na5 13. Nh3 Nxb3 14. Qxb3 Be6 15. Qc2 d5 16. Bd2 dxe4 17. dxe4 Qb5 18. Nf5 Ng8 19. Nf2 Rfd8 20. g4 Bc5 21. h5 Rd7 22. g5 Rad8 23. Rd1 Bxa2 24. b4 Bb3 25. Qxb3 Bxf2+ 26. Kxf2 Rxd2+ 27. Rxd2 Rxd2+ 28. Kg3 Qe2 29. Kg4 Qg2+ 30. Ng3 hxg5 31. h6 Nf6+ 32. Kf5 Qxf3+ 0-1

[Event "Titled Tuesday intern op 03rd Oct Late"]
[Site "Chess.com INT"]
[Date "2023.10.03"]
[Round "1"]
[White "Cruz, Jonathan"]
[Black "Kleibel, Uwe"]
[Result "1-0"]
[WhiteElo "2325"]
[BlackElo "2304"]
[PlyCount "77"]
[EventDate "2023.10.03"]
[EventType "swiss (blitz)"]
[EventRounds "11"]
[EventCountry "USA"]
[SourceTitle "EXT 2025"]
[Source "ChessBase"]
[SourceDate "2024.10.14"]
[SourceVersion "1"]
[SourceVersionDate "2024.10.14"]
[SourceQuality "1"]

1. Nf3 d5 2. d4 Nf6 3. c4 e6 4. Nc3 Be7 5. e3 0-0 6. Bd3 a6 7. c5 b6 8. cxb6 cxb6 9. 0-0 Bb7 10. b3 Nbd7 11. Bb2 Ne4 12. Rc1 f5 13. Ne2 Bd6 14. Ne5 Nxe5 15. dxe5 Bc5 16. Nd4 Qe7 17. Rc2 f4 18. exf4 Rxf4 19. g3 Rff8 20. Kg2 Rae8 21. h4 h6 22. Qg4 Qf7 23. f3 Bxd4 24. fxe4 Qd7 25. Bxd4 dxe4 26. Be2 Qxd4 27. Rc7 e3+ 28. Rxb7 Qxg4 29. Bxg4 b5 30. Re1 Rf2+ 31. Kh3 Rxa2 32. Rxe3 Rf8 33. Bxe6+ Kh8 34. h5 a5 35. Bd7 b4 36. e6 Rff2 37. e7 Rh2+ 38. Kg4 Kh7 39. e8Q 1-0

[Event "Titled Tuesday intern op 03rd Oct Late"]
[Site "Chess.com INT"]
[Date "2023.10.03"]
[Round "6"]
[White "Cruz, Jonathan"]
[Black "Sroczynski, Maciej"]
[Result "0-1"]
[WhiteElo "2325"]
[BlackElo "2271"]
[PlyCount "56"]
[EventDate "2023.10.03"]
[EventType "swiss (blitz)"]
[EventRounds "11"]
[EventCountry "USA"]
[SourceTitle "EXT 2025"]
[Source "ChessBase"]
[SourceDate "2024.10.14"]
[SourceVersion "1"]
[SourceVersionDate "2024.10.14"]
[SourceQuality "1"]

1. Nf3 c5 2. g3 Nc6 3. Bg2 g6 4. 0-0 Bg7 5. c4 e5 6. Nc3 Nge7 7. d3 0-0 8. a3 a6 9. Rb1 Rb8 10. Nd5 b5 11. Bg5 f6 12. Be3 Nxd5 13. cxd5 Nd4 14. Nxd4 cxd4 15. Bd2 d6 16. Rc1 Bd7 17. Bb4 Qb6 18. Qd2 Rfc8 19. Ba5 Qb7 20. b4 Rxc1 21. Rxc1 Rc8 22. Rc2 Kf7 23. Qc1 Ke7 24. h4 h5 25. Bf3 Rxc2 26. Qxc2 Qc8 27. Qxc8 Bxc8 28. e4 Bh6 0-1

[Event "Titled Tuesday intern op 03rd Oct Late"]
[Site "Chess.com INT"]
[Date "2023.10.03"]
[Round "10"]
[White "Cruz, Jonathan"]
[Black "Vaglio Munoz, Jaime"]
[Result "1-0"]
[WhiteElo "2325"]
[BlackElo "2174"]
[PlyCount "45"]
[EventDate "2023.10.03"]
[EventType "swiss (blitz)"]
[EventRounds "11"]
[EventCountry "USA"]
[SourceTitle "EXT 2025"]
[Source "ChessBase"]
[SourceDate "2024.10.14"]
[SourceVersion "1"]
[SourceVersionDate "2024.10.14"]
[SourceQuality "1"]

1. Nf3 b5 2. g3 Bb7 3. Bg2 g6 4. 0-0 Bg7 5. c4 bxc4 6. Qa4 Nf6 7. Qxc4 0-0 8. Nc3 d6 9. Qh4 e5 10. d3 Nfd7 11. Bg5 f6 12. Qb4 Nc5 13. Be3 a5 14. Qc4+ Kh8 15. Bxc5 dxc5 16. Ng5 Bxg2 17. Ne6 Qd6 18. Kxg2 Rf7 19. Ne4 Qc6 20. Nd8 Qa6 21. Nxf7+ Kg8 22. Nh6+ Kf8 23. Qf7# 1-0

[Event "Titled Tuesday intern op 03rd Oct Late"]
[Site "Chess.com INT"]
[Date "2023.10.03"]
[Round "3"]
[White "Kollars, Dmitrij"]
[Black "Cruz, Jonathan"]
[Result "1-0"]
[WhiteElo "2633"]
[BlackElo "2325"]
[PlyCount "91"]
[EventDate "2023.10.03"]
[EventType "swiss (blitz)"]
[EventRounds "11"]
[EventCountry "USA"]
[SourceTitle "EXT 2025"]
[Source "ChessBase"]
[SourceDate "2024.10.14"]
[SourceVersion "1"]
[SourceVersionDate "2024.10.14"]
[SourceQuality "1"]

1. c4 e5 2. g3 Nf6 3. Bg2 Be7 4. Nc3 0-0 5. Nf3 d6 6. d4 Nbd7 7. 0-0 c6 8. Qc2 Re8 9. Rd1 Qc7 10. Rb1 Bf8 11. dxe5 Nxe5 12. b3 Bg4 13. Bb2 Nxf3+ 14. Bxf3 Bxf3 15. exf3 Re6 16. Rd2 Rae8 17. Rbd1 Qa5 18. Kg2 Qh5 19. Ne2 Qa5 20. Nf4 Re5 21. Bc3 Qb6 22. Bxe5 dxe5 23. Ne2 g6 24. Nc3 Qa5 25. Ne4 Nxe4 26. Qxe4 Bc5 27. Re2 Re7 28. Qd3 Kg7 29. Qd8 Qc3 30. Qd2 Qxd2 31. Rdxd2 a5 32. f4 e4 33. Rd8 Bb4 34. Rc2 h5 35. Rc1 Bc5 36. Rcd1 e3 37. fxe3 Rxe3 38. R1d2 Rc3 39. R8d7 b6 40. Rc7 Be3 41. Rdd7 Rc2+ 42. Kf3 Bc5 43. Rxf7+ Kg8 44. Rg7+ Kf8 45. Rxg6 Rf2+ 46. Ke4 1-0

[Event "Titled Tuesday intern op 03rd Oct Late"]
[Site "Chess.com INT"]
[Date "2023.10.03"]
[Round "2"]
[White "Slade, Theodore"]
[Black "Cruz, Jonathan"]
[Result "0-1"]
[WhiteElo "2027"]
[BlackElo "2325"]
[PlyCount "104"]
[EventDate "2023.10.03"]
[EventType "swiss (blitz)"]
[EventRounds "11"]
[EventCountry "USA"]
[SourceTitle "EXT 2025"]
[Source "ChessBase"]
[SourceDate "2024.10.14"]
[SourceVersion "1"]
[SourceVersionDate "2024.10.14"]
[SourceQuality "1"]

1. d4 d5 2. c4 e6 3. Nf3 Be7 4. g3 Nf6 5. Bg2 0-0 6. 0-0 c6 7. Qc2 b6 8. Nbd2 Bb7 9. e4 Na6 10. e5 Nd7 11. cxd5 cxd5 12. Re1 Nb4 13. Qd1 Rc8 14. Nf1 Nc2 15. Rb1 Nxe1 16. Qxe1 Ba6 17. Qd1 Rc6 18. Ne3 Qc7 19. h4 Rc8 20. Bd2 Bd3 21. Ra1 Be4 22. h5 h6 23. b3 a5 24. Nh2 Bxg2 25. Kxg2 Ba3 26. Rb1 Bc1 27. Nf3 Bxd2 28. Qxd2 Rc1 29. Rxc1 Qxc1 30. Qe2 Nf8 31. g4 Nh7 32. Qb5 Qc6 33. Qd3 b5 34. Qd2 b4 35. Qd3 Qc7 36. Qd2 Qc3 37. Qe2 Qa1 38. Qa6 Rf8 39. Qxa5 Qc3 40. a3 Qxb3 41. axb4 Qb1 42. Qb6 Ng5 43. Nxg5 hxg5 44. b5 Qe4+ 45. Kg1 Rc8 46. Kh2 Rc1 47. Qd8+ Kh7 48. Ng2 Qxd4 49. Qxg5 Qxf2 50. h6 Qg1+ 51. Kh3 Rc3+ 52. Kh4 Qh2# 0-1

[Event "Barcelona Rubinenca op 2nd"]
[Site "Barcelona"]
[Date "2023.09.29"]
[Round "2"]
[White "Cruz, Jonathan"]
[Black "Noya Guia, Alvaro"]
[Result "1-0"]
[WhiteElo "2324"]
[BlackElo "1737"]
[PlyCount "41"]
[EventDate "2023.09.22"]
[EventType "swiss"]
[EventRounds "9"]
[EventCountry "ESP"]
[SourceTitle "EXT 2025"]
[Source "ChessBase"]
[SourceDate "2024.10.14"]
[SourceVersion "1"]
[SourceVersionDate "2024.10.14"]
[SourceQuality "1"]

1. Nf3 Nf6 2. c4 g6 3. g3 Bg7 4. Bg2 0-0 5. 0-0 c6 6. d3 d5 7. Nbd2 Nbd7 8. d4 Ne8 9. b3 Nd6 10. Bb2 dxc4 11. bxc4 c5 12. e3 Nb6 13. Qc2 Ndxc4 14. Nxc4 Bf5 15. Qe2 Nxc4 16. Qxc4 Rc8 17. Qa4 Qb6 18. Ba3 c4 19. Bxe7 Rfe8 20. Bc5 Rxc5 21. Qxe8+ 1-0